<?xml version="1.0" encoding="UTF-8"?><?xml-stylesheet type="text/xsl" href="static/style.xsl"?><OAI-PMH xmlns="http://www.openarchives.org/OAI/2.0/" xmlns:xsi="http://www.w3.org/2001/XMLSchema-instance" xsi:schemaLocation="http://www.openarchives.org/OAI/2.0/ http://www.openarchives.org/OAI/2.0/OAI-PMH.xsd"><responseDate>2026-04-17T23:25:16Z</responseDate><request verb="GetRecord" identifier="oai:www.recercat.cat:10230/20371" metadataPrefix="marc">https://recercat.cat/oai/request</request><GetRecord><record><header><identifier>oai:recercat.cat:10230/20371</identifier><datestamp>2025-12-23T20:54:26Z</datestamp><setSpec>com_2072_6</setSpec><setSpec>col_2072_452954</setSpec></header><metadata><record xmlns="http://www.loc.gov/MARC21/slim" xmlns:dcterms="http://purl.org/dc/terms/" xmlns:xsi="http://www.w3.org/2001/XMLSchema-instance" xmlns:doc="http://www.lyncode.com/xoai" xsi:schemaLocation="http://www.loc.gov/MARC21/slim http://www.loc.gov/standards/marcxml/schema/MARC21slim.xsd">
   <leader>00925njm 22002777a 4500</leader>
   <datafield ind2=" " ind1=" " tag="042">
      <subfield code="a">dc</subfield>
   </datafield>
   <datafield ind2=" " ind1=" " tag="720">
      <subfield code="a">Fabregat Domènech, Maria</subfield>
      <subfield code="e">author</subfield>
   </datafield>
   <datafield ind2=" " ind1=" " tag="720">
      <subfield code="a">Henere Salamero, Alejandra</subfield>
      <subfield code="e">author</subfield>
   </datafield>
   <datafield ind2=" " ind1=" " tag="720">
      <subfield code="a">Mateo Herrera, Miguel</subfield>
      <subfield code="e">author</subfield>
   </datafield>
   <datafield ind2=" " ind1=" " tag="720">
      <subfield code="a">Mayol Lorido, Alejandro</subfield>
      <subfield code="e">author</subfield>
   </datafield>
   <datafield ind2=" " ind1=" " tag="720">
      <subfield code="a">Muñoz Martí, Marc</subfield>
      <subfield code="e">author</subfield>
   </datafield>
   <datafield ind2=" " ind1=" " tag="720">
      <subfield code="a">Piera Quintana, Kelian</subfield>
      <subfield code="e">author</subfield>
   </datafield>
   <datafield ind2=" " ind1=" " tag="260">
      <subfield code="c">2013-02-13T11:00:36Z</subfield>
   </datafield>
   <datafield ind2=" " ind1=" " tag="260">
      <subfield code="c">2013-02-13T11:00:36Z</subfield>
   </datafield>
   <datafield ind2=" " ind1=" " tag="260">
      <subfield code="c">2013-02-13</subfield>
   </datafield>
   <datafield ind2=" " ind1=" " tag="520">
      <subfield code="a">Treball de l&amp;apos;assignatura Direcció Comercial-I. Grau en Economia i Administració i Direcció d&amp;apos;Empreses. Curs 2012-2013</subfield>
   </datafield>
   <datafield ind2=" " ind1=" " tag="520">
      <subfield code="a">Professora: Lourdes Pérez Fernández</subfield>
   </datafield>
   <datafield ind2=" " ind1=" " tag="520">
      <subfield code="a">El trabajo que presentamos a continuación analiza la situación de la empresa KH Lloreda en el mercado de productos desengrasantes. Concretamente hemos profundizado en la estrategia de márketing utilizada en la empresa a la hora de lanzar su producto KH-7./nDecidimos elegir la empresa KH Lloreda y más concretamente el producto KH-7 porque nos llamó la atención que un producto destinado al uso diario de la limpieza del hogar hubiera tenido tanto éxito. ¿Cuál es la característica innovadora que hace que la gente prefiera este producto? Otro factor que también ha sido decisivo a la hora de elegir la empresa es la evolución de la compañía. Una empresa catalana de origen familiar ha logrado hacerse un hueco en el mercado y, en determinados sectores, ha logrado superar a grandes multinacionales. por esto hemos aprovechado esta ocasión para estudiar las estrategias que ha utilizado la empresa y más importante aún cómo las ha implementado para llegar hasta donde está ahora./nEl trabajo está estructurado en cuatro grandes partes. La primera trata de analizar los factores que pueden tener un impacto en la actividad de la empresa, tanto a nivel externo como dentro de la compañía./nEn la segunda hemos estudiado la estrategia que ha seguido la empresa al lanzar su producto KH-7, qué decisiones ha tomado, qué factores ha resaltado, de qué cosas han prescindido.../nLa tercera comprende el análisis del apartado de márketing. Cómo ha dado a conocer la empresa el producto y cómo ha conseguido que los clientes se decanten por su producto antes que el de la competencia./nY por último, la cuarta parte del trabajo consiste en las conclusiones, analiza los resultados que hemos obtenido al estudiar cada una de las partes anteriores./npor último creemos que es importante explicar brevemente qué esperamos obtener nosotros de la realización de este proyecto. Creemos que lo más importante que podemos aprender de él es que no sólo triunfan las grandes marcas y las grandes multinacionales con presencia mundial. Si se encuentra una buena idea de negocio, que normalmente viene dada por un hueco en el mercado, y se desarrolla una política empresarial coherente con el nuevo producto, las posibilidades de tener éxito en el mercado son muy elevadas, y con este trabajo intentamos demostrarlo.</subfield>
   </datafield>
   <datafield tag="653" ind2=" " ind1=" ">
      <subfield code="a">KH Lloreda (Firma comercial)</subfield>
   </datafield>
   <datafield tag="653" ind2=" " ind1=" ">
      <subfield code="a">Productes de neteja -- Indústria i comerç</subfield>
   </datafield>
   <datafield tag="653" ind2=" " ind1=" ">
      <subfield code="a">Empreses familiars -- Estudi de casos</subfield>
   </datafield>
   <datafield tag="653" ind2=" " ind1=" ">
      <subfield code="a">Empreses familiars -- Direcció i administració -- Estudi de casos</subfield>
   </datafield>
   <datafield tag="653" ind2=" " ind1=" ">
      <subfield code="a">Empreses -- Direcció i administració -- Estudi de casos</subfield>
   </datafield>
   <datafield tag="653" ind2=" " ind1=" ">
      <subfield code="a">Empreses -- Planificació</subfield>
   </datafield>
   <datafield tag="653" ind2=" " ind1=" ">
      <subfield code="a">Màrqueting -- Estudi de casos</subfield>
   </datafield>
   <datafield ind2="0" ind1="0" tag="245">
      <subfield code="a">KH-7</subfield>
   </datafield>
</record></metadata></record></GetRecord></OAI-PMH>